• 首页
  • 本馆介绍
  • 公告通知
  • 最新文献
  • 馆藏检索
  • 电子资源
  • 读者导购
  • 参考咨询
  • 我的图书馆
  • 登录
  • 详细信息显示
  • 放入我的书架
  • 预约/预借图书
  • 作者相关作品
  • 分类相关作品
  • 丛书相关作品
  • 出版社相关作品

书目信息

  • 表格格式
  • 工作单格式
  • 卡片格式
题名:
分配正义论
    
 
作者: 罗默 著 ;张晋华 , 吴萍 译
分册:  
出版信息: 北京   社会科学文献出版社  2017
页数: 361页
开本: 23cm
丛书名: 当代国外马克思主义研究文库
单 册:
中图分类: F014.4
科图分类:
主题词: 分配(经济)--研究
电子资源:
ISBN: 978-7-5097-1937-4
000 01417oam2 2200313 450
001 012001005258
005 20141008112504.0
010    @a978-7-5097-1937-4@dCNY99.00
100    @a20170427d2017 em y0chiy50 ea
101 1  @achi@ceng
102    @aCN@b110000
105    @ay z 001yy
106    @ar
200 1  @a分配正义论@9fen pei zheng yi lun@dTheories of distributive justice@f(美)约翰·E. 罗默(John E. Roemer)著@g张晋华,吴萍译@zeng
210    @a北京@c社会科学文献出版社@d2017
215    @a361页@d23cm
225 2  @a当代国外马克思主义研究文库@f陆象淦主编
305    @a本书根据哈佛大学出版社1998年版译出
314    @a约翰·E.罗默 (John E. Roemer) (1945-),1974年于美国加州大学伯克利分校获得经济学博士学位,现为计量经济学会成员、美国文理科学院院士等。现任耶鲁大学政治经济学教授。
330    @a作者不但从哲学视角评判了经济学家们所理解的正义观,还从经济学角度透视了哲学中的分配正义理论。在本书中罗默还讨论了阿罗不可能定理、公理化谈判理论、功利主义、平等主义和新洛克学派,并吸纳了诸如罗尔斯、森、诺齐克及德沃金等思想大家著作中的观点。
461  0 @12001 @a当代国外马克思主义研究文库
510 1  @aTheories of distributive justice@zeng
606 0  @a分配(经济)@x研究
690    @aF014.4@v5
701  0 @c(美)@a罗默@9luo mo@c(Roemer, John E.@f1945-)@4著
702  0 @a张晋华@9zhang jin hua@4译
702  0 @a吴萍@9wu ping@4译
801  0 @aCN@b上海新华@c20180901
905    @b1173333-6@dF014.4@e561@f4
    
    分配正义论=Theories of distributive justice/(美)约翰·E. 罗默(John E. Roemer)著/张晋华,吴萍译.-北京:社会科学文献出版社,2017
    361页;23cm.-(当代国外马克思主义研究文库/陆象淦主编)
    
    
    ISBN 978-7-5097-1937-4:CNY99.00
    作者不但从哲学视角评判了经济学家们所理解的正义观,还从经济学角度透视了哲学中的分配正义理论。在本书中罗默还讨论了阿罗不可能定理、公理化谈判理论、功利主义、平等主义和新洛克学派,并吸纳了诸如罗尔斯、森、诺齐克及德沃金等思想大家著作中的观点。
●
相关链接 在E读中查询图书 在五车中查询图书 在当当中查询图书 在豆瓣中查询图书


正题名:分配正义论     索取号:F014.4/561         预约/预借

序号 登录号 条形码 馆藏地/架位号 状态 备注
1 1173333   211733338   第一借阅区/ [索取号:F014.4/561] 在馆    
2 1173334   211733347   第一样本阅览室/ [索取号:F014.4/561] 在馆    
3 1173335   211733356   第一借阅区/ [索取号:F014.4/561] 在馆    
4 1173336   211733365   密集书库-海洋学院/ [索取号:F014.4/561] 在馆    
唐山师范学院图书馆 欢迎您!
大连网信软件有限公司© 版权所有